German-Hungarian economic relations
Elmentve itt :
| Szerző: | |
|---|---|
| Dokumentumtípus: | Cikk |
| Megjelent: |
1939
|
| Sorozat: | Kolligátum
|
| Kulcsszavak: | Közgazdaságtan |
| Online Access: | http://misc.bibl.u-szeged.hu/22613 |
| LEADER | 00542nab a2200169 i 4500 | ||
|---|---|---|---|
| 001 | misc22613 | ||
| 005 | 20191108150238.0 | ||
| 008 | 170907s1939 hu o 0|| zxx d | ||
| 040 | |a SZTE Miscellanea Repozitórium |b hun | ||
| 041 | |a zxx | ||
| 100 | 2 | |a Surányi-Unger Tivadar | |
| 245 | 1 | 0 | |a German-Hungarian economic relations |h [elektronikus dokumentum] / |c Surányi-Unger Tivadar |
| 260 | |c 1939 | ||
| 300 | |a 1-9 | ||
| 490 | 0 | |a Kolligátum | |
| 695 | |a Közgazdaságtan | ||
| 856 | 4 | 0 | |u http://misc.bibl.u-szeged.hu/22613/1/15302_001-009.pdf |z Dokumentum-elérés |